| 000 | 00976nam a2200277 a 4500 | ||
|---|---|---|---|
| 999 |
_c2497 _d2497 |
||
| 008 | 200319b2013 abd|g m|||a00| 0 eng d | ||
| 040 |
_aKO _beng |
||
| 041 | 0 | _aeng | |
| 044 | _aii | ||
| 082 | 0 | 4 |
_223 _a378.242 _bIRM1222 |
| 100 | 1 |
_aRafi, Thabrez _eResearcher |
|
| 245 | 1 | 2 |
_aA Study on Container Terminal Operations at ICTT / _cThabrez Rafi ; Guide Yogamala H. L. |
| 260 |
_aKochi : _bIndian Maritime University, _c2013 |
||
| 300 |
_a42 p. : _bill., charts, maps ; _c29 cm. |
||
| 490 | 0 |
_aMBA Internship 2012-14 ; _v12500081023 |
|
| 502 | _aInternship (MBA)–Indian Maritime University. School of Maritime Management, 2013. | ||
| 610 | 2 | _aInternational Container Transshipment Terminal (Kochi) | |
| 650 | 0 |
_aHarbors _xManagement _zIndia _zKerala |
|
| 650 | 0 |
_aContainer terminals _zIndia _zKerala |
|
| 655 | 7 |
_2lcsh _aDissertations, Academic _y2013 |
|
| 700 | 1 |
_aH. L., Yogamala, _cDr. _eGuide |
|
| 904 | _aRUDRA_R | ||
| 905 | _aR_RANJAN | ||
| 942 | _cTH | ||